| 000 | 00747cab a2200193 4500 | ||
|---|---|---|---|
| 001 | ##L133738 | ||
| 008 | 060607n2006 000 0 eng u | ||
| 035 | _a(Sirsi) u133738 | ||
| 041 | 0 | _aeng | |
| 100 | 1 | _aHolberton, Richard | |
| 245 | 0 | 0 | _aGathering momentum in the City office market |
| 260 | _c2006 | ||
| 490 | 0 |
_aProperty Forecast _v9(5) May 2006, 12-13(2) |
|
| 520 | _aLooks at the improving situation in the City of London office market compared with the situation three years ago. The vacancy rate has almost halved to 8%, and gross take-up was more than 5m sq ft last year. Discusses the trend. Graphs. | ||
| 590 | _aIKA200606 | ||
| 651 | 4 | _aCITY OF LONDON | |
| 690 | _aPROPERTY-COMMERCIAL PROPERTY-OFFICE PROPERTY | ||
| 942 | _n0 | ||
| 999 |
_c77183 _d77183 |
||